[Event "Wch Seniors 65 29th"]
[Site "Bucharest"]
[Date "2019.11.19"]
[Round "7"]
[White "Tsynman, Boris"]
[Black "Green, Per"]
[Result "1-0"]
[WhiteElo "2108"]
[BlackElo "1958"]
[PlyCount "113"]
[EventDate "2019.11.12"]
[EventType "swiss"]
[EventRounds "11"]
[EventCountry "ROU"]
[SourceTitle "CBM 193 Extra"]
[Source "ChessBase"]
[SourceDate "2020.01.31"]
[SourceVersion "1"]
[SourceVersionDate "2020.01.31"]
[SourceQuality "1"]

1. e4 c5 2. c3 Nf6 3. e5 Nd5 4. d4 cxd4 5. Qxd4 e6 6. Bc4 Nc6 7. Qe4 Nde7 8. Nf3 Ng6 9. 0-0 Qc7 10. Re1 Ngxe5 11. Nxe5 Nxe5 12. Bxe6 dxe6 13. Qxe5 Qxe5 14. Rxe5 Bd6 15. Re1 b6 16. Be3 Bb7 17. a4 Ke7 18. Na3 Rhc8 19. f3 Bc5 20. Kf2 a6 21. Nc2 Bxe3+ 22. Kxe3 e5 23. a5 b5 24. Nb4 Rd8 25. Rad1 Rxd1 26. Rxd1 Rd8 27. Rxd8 Kxd8 28. Nd3 f6 29. Nc5 Bc8 30. Ke4 Kc7 31. Kd5 h5 32. h4 g6 33. Ne4 Bb7+ 34. Kc5 f5 35. Ng5 e4 36. fxe4 fxe4 37. Kd4 e3 38. Kxe3 Bxg2 39. Ne6+ Kc6 40. Nf4 Bd5 41. Nxg6 Bb3 42. Kd4 Kd6 43. Nf4 Bd1 44. Nd3 Bg4 45. Nc5 Bc8 46. b4 Kc7 47. Kd5 Kb8 48. Kc6 Ka7 49. Kc7 Bg4 50. Nd3 Be2 51. Ne5 Bg4 52. Nc6+ Ka8 53. Kb6 Bc8 54. Nd4 Kb8 55. Nb3 Bd7 56. Nc5 Be8 57. Nxa6+ 1-0

[Event "Wch Seniors 65 28th"]
[Site "Bled"]
[Date "2018.11.19"]
[Round "2"]
[White "Frey, Armin"]
[Black "Tsynman, Boris"]
[Result "1/2-1/2"]
[WhiteElo "1859"]
[BlackElo "2074"]
[PlyCount "27"]
[EventDate "2018.11.18"]
[EventType "swiss"]
[EventRounds "11"]
[EventCountry "SLO"]
[SourceTitle "CBM 187 Extra"]
[Source "ChessBase"]
[SourceDate "2018.11.04"]
[SourceVersion "1"]
[SourceVersionDate "2018.11.04"]
[SourceQuality "1"]

1. f4 Nf6 2. Nf3 g6 3. b3 Bg7 4. Bb2 0-0 5. e3 d6 6. Be2 c5 7. 0-0 Nc6 8. c4 a6 9. Nc3 Rb8 10. Rb1 e6 11. Kh1 d5 12. Na4 b6 13. Ne5 Bb7 14. cxd5 1/2-1/2